[Event "Shanghai COITCT 2019"]
[Site "Shanghai"]
[Date "2019.09.17"]
[Round "7.11"]
[White "Zhigalko, Sergei"]
[Black "Kobalia, Mikhail"]
[Result "1-0"]
[WhiteElo "2574"]
[BlackElo "2608"]
[Annotator "TA"]
[PlyCount "53"]
[EventDate "2019.09.15"]
[EventType "team-tourn"]
[EventCountry "CHN"]
[SourceTitle "playchess.com"]
[Source "ChessBase"]
[SourceQuality "1"]

{[%evp 9,53,14,36,35,27,37,69,6,18,-21,13,7,8,-7,18,-7,81,73,123,0,0,0,0,-27,0,0,0,-3,0,0,0,0,75,71,35,48,87,85,71,77,154,158,195,187,621,614]} 1. e4 c6 2. d4 d5 3. e5 Bf5 4. Nf3 e6 5. Be2 Ne7 6. c3 {B12: Caro-Kann: Advance Variation} Ng6 (6... h6 7. O-O Nd7 8. Nbd2 Qc7 9. Re1 Bg6 10. b3 Nc8 11. Nf1 Be7 12. Ng3 c5 13. Bd3 Bxd3 14. Qxd3 Ncb6 15. Nh5 g6 {0-1 (57) Dominguez Perez,L (2763)-Karjakin,S (2750) Saint Louis 2019}) 7. O-O f6 8. c4 (8. exf6 $14 gxf6 9. c4) 8... Nd7 $146 {[%cal Rf6e5]} ({Predecessor:} 8... fxe5 9. dxe5 Bc5 10. b4 Bxb4 11. Qb3 Bc5 12. Qxb7 O-O 13. Qxa8 Qb6 {0-1 (32) Huschenbeth,N (2586)-Bartel,M (2600) Germany 2019}) 9. Nc3 Be7 {[%cal Rf6e5]} 10. exf6 Nxf6 11. h3 Qd6 12. c5 Qd7 {[#]} (12... Qc7 $11) 13. g4 $1 $16 {[%cal Rg4f5]} Be4 {[#]} 14. Ng5 ({White must play} 14. Ne5 $1 $16 {[%cal Re5d7]} Qd8 15. f3 Nxe5 16. dxe5 (16. fxe4 Nf7 $16) 16... Bxc5+ 17. Kg2) 14... h6 $11 15. Ngxe4 dxe4 16. Be3 Qc7 17. Re1 Nf4 18. Bf1 O-O-O 19. Qb3 $36 {[%mdl 2048] White has the initiative.} N4d5 20. Bg2 g5 (20... e5 $11 {keeps the balance.}) 21. Bd2 $16 h5 22. Nxe4 Nxe4 23. Rxe4 (23. Bxe4 hxg4 24. Qg3 (24. hxg4 $2 Qh2+ 25. Kf1 Rdf8 $17) 24... Qxg3+ 25. fxg3 Rxh3 $17) 23... hxg4 24. Rxg4 Kb8 (24... Rh4 $142) 25. Re1 ({Don't take} 25. Bxg5 $6 Bxg5 26. Rxg5 Nf4 $14) 25... Rh6 26. Qg3 Nf4 $2 (26... Rdh8 27. Bxg5 Bxg5) 27. Rxf4 {Accuracy: White = 69%, Black = 26%.} ({Less strong is} 27. Bxf4 gxf4 28. Qxf4 (28. Rxf4 Rxd4 29. Rxd4 Qxg3 $14) 28... Qxf4 $16) 1-0

[Event "Shanghai COITCT 2019"]
[Site "Shanghai"]
[Date "2019.09.17"]
[Round "7.12"]
[White "Murzin, Volodar"]
[Black "Zarubitski, Viachaslau"]
[Result "1/2-1/2"]
[WhiteElo "2433"]
[BlackElo "2435"]
[Annotator "NA"]
[PlyCount "75"]
[EventDate "2019.09.15"]
[EventType "team-tourn"]
[EventCountry "CHN"]
[SourceTitle "playchess.com"]
[Source "ChessBase"]
[SourceQuality "1"]
[TimeControl "1500+10"]

1. e4 {[%emt 0:00:00]} c6 {[%emt 0:00:00]} 2. Nf3 {[%emt 0:00:00]} d5 {[%emt 0:00:00]} 3. Nc3 {[%emt 0:00:00]} Bg4 {[%emt 0:00:00]} 4. h3 {[%emt 0:00:00]} Bxf3 {[%emt 0:00:00]} 5. Qxf3 {[%emt 0:00:02]} Nf6 {[%emt 0:00:01]} 6. g3 {[%emt 0:00:38]} e6 {[%emt 0:00:42]} 7. Bg2 {[%emt 0:00:02]} Bb4 {[%emt 0:00:40]} 8. e5 {[%emt 0:01:01]} Nfd7 {[%emt 0:00:01]} 9. Qg4 {[%emt 0:00:01]} Bf8 {[%emt 0:00:01]} 10. f4 {[%emt 0:02:24]} Qb6 {[%emt 0:00:35]} 11. d3 {[%emt 0:00:42]} g6 {[%emt 0:00:30]} 12. Ne2 {[%emt 0:01:00]} c5 {[%emt 0:00:40]} 13. O-O {[%emt 0:00:37]} Nc6 {[%emt 0:00:00]} 14. c3 {[%emt 0:01:28]} Be7 {[%emt 0:00:28]} 15. Qf3 {[%emt 0:00:49]} O-O-O {[%emt 0:01:59]} 16. Kh1 {[%emt 0:00:57]} h5 {[%emt 0:00:07]} 17. h4 {[%emt 0:00:57]} Qa6 {[%emt 0:01:06]} 18. Bh3 {[%emt 0:01:39]} Kc7 {[%emt 0:01:32]} 19. Bd2 {[%emt 0:00:10]} c4 {[%emt 0:00:50]} 20. d4 {[%emt 0:00:38]} b5 {[%emt 0:00:21]} 21. f5 {[%emt 0:01:09]} gxf5 {[%emt 0:02:27]} 22. Nf4 {[%emt 0:00:11]} b4 {[%emt 0:00:30]} 23. Bxf5 {[%emt 0:02:51]} bxc3 {[%emt 0:03:23]} 24. bxc3 {[%emt 0:00:10]} exf5 {[%emt 0:00:05]} 25. Nxd5+ {[%emt 0:00:10]} Kc8 {[%emt 0:00:24]} 26. Rab1 {[%emt 0:00:49]} Ba3 {[%emt 0:02:29]} 27. Bf4 {[%emt 0:01:32]} Qa4 {[%emt 0:01:59]} 28. Ne3 {[%emt 0:04:47]} Nb6 {[%emt 0:04:44]} 29. d5 {[%emt 0:00:33]} Ne7 {[%emt 0:00:19]} 30. d6 {[%emt 0:00:29]} Ng6 {[%emt 0:00:36]} 31. Nd5 {[%emt 0:00:32]} Bc5 {[%emt 0:01:22]} 32. Rfd1 {[%emt 0:01:20]} Kb8 {[%emt 0:00:41]} 33. Nc7 {[%emt 0:01:08]} Kc8 {[%emt 0:00:19]} 34. Nb5 {[%emt 0:00:03]} Kb8 {[%emt 0:00:56]} 35. Nc7 {[%emt 0:00:51]} Kc8 36. Nb5 {[%emt 0:00:35]} Kb8 {[%emt 0:00:02]} 37. Nc7 {[%emt 0:00:14]} Kc8 {[%emt 0:00:23]} 38. Nb5 {[%emt 0:00:02]} 1/2-1/2

[Event "Shanghai COITCT 2019"]
[Site "Shanghai"]
[Date "2019.09.17"]
[Round "7.13"]
[White "Xu, Zhihang"]
[Black "Orozbaev, Eldiar"]
[Result "1/2-1/2"]
[WhiteElo "2506"]
[BlackElo "1908"]
[Annotator "ChessBase"]
[PlyCount "67"]
[EventDate "2019.09.15"]
[EventType "team-tourn"]
[EventCountry "CHN"]
[SourceTitle "playchess.com"]
[Source "ChessBase"]
[SourceQuality "1"]
[TimeControl "1500+10"]

1. d4 {[%emt 0:00:00]} f5 {[%emt 0:00:00]} 2. c4 {[%emt 0:00:00]} Nf6 {[%emt 0:00:00]} 3. Nf3 {[%emt 0:00:00]} g6 {[%emt 0:00:00]} 4. g3 {[%emt 0:00:01]} Bg7 {[%emt 0:00:00]} 5. Bg2 {[%emt 0:00:02]} O-O {[%emt 0:00:00]} 6. O-O {[%emt 0:00:02]} d6 {[%emt 0:00:00]} 7. Nc3 {[%emt 0:00:01]} Qe8 {[%emt 0:00:03]} 8. Re1 {[%emt 0:00:01]} c6 {[%emt 0:00:19]} 9. e4 {[%emt 0:00:06]} fxe4 {[%emt 0:00:22]} 10. Nxe4 {[%emt 0:00:02]} Nxe4 {[%emt 0:00:14]} 11. Rxe4 {[%emt 0:00:02]} Bf5 {[%emt 0:00:02]} 12. Re1 {[%emt 0:00:38]} Bg4 {[%emt 0:00:14]} 13. Bg5 {[%emt 0:02:55]} e5 {[%emt 0:02:30]} 14. dxe5 {[%emt 0:00:48]} dxe5 {[%emt 0:00:05]} 15. Qb3 {[%emt 0:01:08]} Qf7 {[%emt 0:00:44]} 16. Nxe5 {[%emt 0:00:55]} Bxe5 {[%emt 0:01:38]} 17. Rxe5 {[%emt 0:00:10]} Nd7 {[%emt 0:02:50]} 18. Re7 {[%emt 0:00:02]} Qxf2+ {[%emt 0:00:02]} 19. Kh1 {[%emt 0:00:01]} Rf3 {[%emt 0:04:54]} 20. Qxb7 {[%emt 0:01:16]} Rb8 {[%emt 0:01:33]} 21. Qxc6 {[%emt 0:00:51]} Rxb2 {[%emt 0:03:19]} 22. Qd5+ {[%emt 0:00:47]} Kf8 {[%emt 0:00:39]} 23. Qa8+ {[%emt 0:03:36]} Nb8 {[%emt 0:00:45]} 24. Re8+ {[%emt 0:00:43]} Kxe8 {[%emt 0:01:07]} 25. Qe4+ {[%emt 0:00:02]} Kf7 {[%emt 0:00:34]} 26. Qe7+ {[%emt 0:01:11]} Kg8 {[%emt 0:00:40]} 27. Qe8+ {[%emt 0:00:01]} Kg7 {[%emt 0:00:57]} 28. Qe7+ {[%emt 0:01:31]} Rf7 {[%emt 0:00:25]} 29. Qe5+ {[%emt 0:00:02]} Kg8 {[%emt 0:02:04]} 30. Qe8+ {[%emt 0:00:01]} Kg7 {[%emt 0:00:10]} 31. Qe5+ {[%emt 0:00:01]} Kg8 {[%emt 0:00:36]} 32. Qe8+ {[%emt 0:00:02]} Kg7 {[%emt 0:00:22]} 33. Qe5+ {[%emt 0:00:04]} Rf6 {[%emt 0:01:14]} 34. Qe7+ {[%emt 0:00:02]} 1/2-1/2

[Event "Shanghai COITCT 2019"]
[Site "Shanghai"]
[Date "2019.09.17"]
[Round "7.14"]
[White "Zairbek kyzy, Begimai"]
[Black "Ma, Zhonghan"]
[Result "0-1"]
[WhiteElo "1989"]
[BlackElo "2485"]
[Annotator "ChessBase"]
[PlyCount "126"]
[EventDate "2019.09.15"]
[EventType "team-tourn"]
[EventCountry "CHN"]
[SourceTitle "playchess.com"]
[Source "ChessBase"]
[SourceQuality "1"]
[TimeControl "1500+10"]

1. e4 {[%emt 0:00:00]} c5 {[%emt 0:00:00]} 2. d4 {[%emt 0:00:00]} cxd4 {[%emt 0:00:11]} 3. c3 {[%emt 0:00:00]} d3 {[%emt 0:00:33]} 4. Bxd3 {[%emt 0:00:03]} Nc6 {[%emt 0:00:02]} 5. Nf3 {[%emt 0:00:06]} g6 {[%emt 0:00:03]} 6. O-O {[%emt 0:00:04]} Bg7 {[%emt 0:00:01]} 7. Qe2 {[%emt 0:00:09]} d6 {[%emt 0:00:13]} 8. h3 {[%emt 0:00:01]} Nf6 {[%emt 0:00:04]} 9. Be3 {[%emt 0:00:06]} O-O {[%emt 0:00:04]} 10. Rd1 {[%emt 0:00:03]} Qc7 {[%emt 0:00:08]} 11. Na3 {[%emt 0:00:10]} b6 {[%emt 0:02:46]} 12. Nb5 {[%emt 0:00:31]} Qb8 {[%emt 0:00:07]} 13. Bf4 {[%emt 0:00:48]} Bb7 {[%emt 0:00:12]} 14. Bh2 {[%emt 0:02:37]} Nd7 {[%emt 0:00:57]} 15. Rac1 {[%emt 0:00:44]} Nde5 {[%emt 0:04:22]} 16. Bb1 {[%emt 0:01:10]} Nxf3+ {[%emt 0:01:12]} 17. Qxf3 {[%emt 0:00:02]} Ne5 {[%emt 0:00:31]} 18. Qe2 {[%emt 0:00:23]} a6 {[%emt 0:00:04]} 19. Nd4 {[%emt 0:00:25]} b5 {[%emt 0:00:11]} 20. f4 {[%emt 0:00:33]} Nc6 {[%emt 0:01:22]} 21. Nf3 {[%emt 0:01:16]} Qa7+ {[%emt 0:00:39]} 22. Kh1 {[%emt 0:00:01]} Rad8 {[%emt 0:00:02]} 23. Bg1 {[%emt 0:00:07]} Qb8 {[%emt 0:00:01]} 24. Bb6 {[%emt 0:00:02]} Rc8 {[%emt 0:00:14]} 25. b3 {[%emt 0:01:43]} Ba8 {[%emt 0:00:08]} 26. Be3 {[%emt 0:00:02]} Na5 {[%emt 0:02:28]} 27. Qd2 {[%emt 0:02:03]} Qc7 {[%emt 0:00:12]} 28. Nd4 {[%emt 0:01:33]} Rfd8 {[%emt 0:00:06]} 29. f5 {[%emt 0:00:40]} Nc6 {[%emt 0:02:58]} 30. Bh6 {[%emt 0:01:06]} Bf6 {[%emt 0:01:24]} 31. fxg6 {[%emt 0:00:45]} hxg6 {[%emt 0:00:04]} 32. Bg5 {[%emt 0:00:10]} Bg7 {[%emt 0:02:28]} 33. Rf1 {[%emt 0:00:11]} Rf8 {[%emt 0:01:06]} 34. Bh6 {[%emt 0:00:22]} Nxd4 {[%emt 0:00:09]} 35. cxd4 {[%emt 0:00:03]} Qd7 {[%emt 0:00:51]} 36. Bxg7 {[%emt 0:02:54]} Kxg7 {[%emt 0:00:00]} 37. d5 {[%emt 0:00:03]} Bb7 {[%emt 0:00:38]} 38. Qd4+ {[%emt 0:00:05]} f6 {[%emt 0:00:29]} 39. Qd3 {[%emt 0:00:21]} Rxc1 {[%emt 0:00:32]} 40. Rxc1 {[%emt 0:00:00]} Rc8 {[%emt 0:00:04]} 41. Rf1 {[%emt 0:00:07]} Qe8 {[%emt 0:00:03]} 42. Bc2 {[%emt 0:00:43]} e5 {[%emt 0:00:14]} 43. Bd1 {[%emt 0:00:20]} Rc7 {[%emt 0:00:07]} 44. Qf3 {[%emt 0:00:06]} Rf7 {[%emt 0:00:55]} 45. Qg3 {[%emt 0:00:02]} Rf8 {[%emt 0:00:05]} 46. Be2 {[%emt 0:01:13]} Qf7 {[%emt 0:00:09]} 47. Qe3 {[%emt 0:00:17]} Qe7 {[%emt 0:00:28]} 48. a4 {[%emt 0:00:30]} bxa4 {[%emt 0:00:25]} 49. bxa4 {[%emt 0:00:01]} f5 {[%emt 0:00:26]} 50. Bf3 {[%emt 0:01:38]} fxe4 {[%emt 0:00:01]} 51. Qxe4 {[%emt 0:00:02]} Rf4 {[%emt 0:00:02]} 52. Qc2 {[%emt 0:00:35]} Bxd5 {[%emt 0:00:05]} 53. Bxd5 {[%emt 0:01:38]} Rxf1+ {[%emt 0:00:02]} 54. Kh2 {[%emt 0:00:01]} Qf6 {[%emt 0:00:10]} 55. Qc7+ {[%emt 0:00:50]} Kh6 {[%emt 0:00:01]} 56. Qc4 {[%emt 0:00:57]} Qf4+ {[%emt 0:00:01]} 57. Qxf4+ {[%emt 0:00:03]} Rxf4 {[%emt 0:00:01]} 58. Bc6 {[%emt 0:00:12]} a5 {[%emt 0:00:02]} 59. Kg3 {[%emt 0:00:08]} Kg5 {[%emt 0:00:02]} 60. Kh2 {[%emt 0:00:15]} Rc4 {[%emt 0:00:02]} 61. Bb5 {[%emt 0:00:04]} Rc3 {[%emt 0:00:02]} 62. Kg1 {[%emt 0:00:18]} e4 {[%emt 0:00:02]} 63. Kf2 {[%emt 0:00:42]} Kf4 {[%emt 0:00:09]} 0-1

[Event "Shanghai COITCT 2019"]
[Site "Shanghai"]
[Date "2019.09.17"]
[Round "8.1"]
[White "Karimov, Alisher"]
[Black "Orozbaev, Eldiar"]
[Result "1-0"]
[WhiteElo "2251"]
[BlackElo "1908"]
[Annotator "ChessBase"]
[PlyCount "148"]
[EventDate "2019.09.15"]
[EventType "team-tourn"]
[EventCountry "CHN"]
[SourceTitle "playchess.com"]
[Source "ChessBase"]
[SourceQuality "1"]
[TimeControl "1500+10"]

1. e4 {[%emt 0:00:00]} e6 {[%emt 0:00:00]} 2. d3 {[%emt 0:00:04]} d5 {[%emt 0:00:01]} 3. Nd2 {[%emt 0:00:01]} Nc6 {[%emt 0:00:04]} 4. g3 {[%emt 0:00:06]} dxe4 {[%emt 0:00:02]} 5. dxe4 {[%emt 0:00:03]} Bc5 {[%emt 0:00:04]} 6. Bg2 {[%emt 0:00:37]} e5 {[%emt 0:00:04]} 7. Ngf3 {[%emt 0:00:06]} Nf6 {[%emt 0:00:12]} 8. O-O {[%emt 0:00:04]} O-O {[%emt 0:00:06]} 9. Qe2 {[%emt 0:00:30]} Qe7 {[%emt 0:00:03]} 10. c3 {[%emt 0:00:11]} a5 {[%emt 0:00:02]} 11. Nc4 {[%emt 0:00:08]} b5 {[%emt 0:01:57]} 12. Ne3 {[%emt 0:00:23]} Bxe3 {[%emt 0:00:26]} 13. Qxe3 {[%emt 0:00:04]} Ba6 {[%emt 0:00:14]} 14. Nh4 {[%emt 0:00:19]} Qe6 {[%emt 0:02:26]} 15. Nf5 {[%emt 0:00:19]} h6 {[%emt 0:00:36]} 16. Bh3 {[%emt 0:02:07]} Kh7 {[%emt 0:01:46]} 17. Re1 {[%emt 0:02:28]} Ng8 {[%emt 0:02:30]} 18. Bg2 {[%emt 0:01:16]} Rad8 {[%emt 0:00:18]} 19. Qc5 {[%emt 0:00:07]} b4 {[%emt 0:01:23]} 20. Ne3 {[%emt 0:01:17]} Bb7 {[%emt 0:07:03]} 21. Nd5 {[%emt 0:00:28]} Rc8 {[%emt 0:00:43]} 22. Be3 {[%emt 0:00:40]} bxc3 {[%emt 0:00:19]} 23. bxc3 {[%emt 0:00:05]} a4 {[%emt 0:00:25]} 24. Qa3 {[%emt 0:01:18]} Nce7 {[%emt 0:00:44]} 25. Qxa4 {[%emt 0:01:36]} Nxd5 {[%emt 0:00:22]} 26. exd5 {[%emt 0:00:02]} Bxd5 {[%emt 0:00:07]} 27. Bxd5 {[%emt 0:01:25]} Qxd5 {[%emt 0:00:01]} 28. Rad1 {[%emt 0:00:01]} Qf3 {[%emt 0:00:50]} 29. Bc5 {[%emt 0:00:39]} Rfd8 {[%emt 0:01:51]} 30. Rxd8 {[%emt 0:00:38]} Rxd8 {[%emt 0:00:04]} 31. Qe4+ {[%emt 0:00:02]} Qxe4 {[%emt 0:00:01]} 32. Rxe4 {[%emt 0:00:01]} Rd5 {[%emt 0:00:01]} 33. Be3 {[%emt 0:00:17]} Ra5 {[%emt 0:00:02]} 34. a4 {[%emt 0:00:16]} Nf6 {[%emt 0:00:40]} 35. Rc4 {[%emt 0:00:02]} Nd5 {[%emt 0:01:08]} 36. Rc5 {[%emt 0:01:16]} Rxc5 {[%emt 0:00:01]} 37. Bxc5 {[%emt 0:00:01]} Nxc3 {[%emt 0:00:01]} 38. a5 {[%emt 0:00:01]} Nd5 {[%emt 0:00:06]} 39. a6 {[%emt 0:00:08]} c6 {[%emt 0:00:01]} 40. a7 {[%emt 0:00:03]} Nc7 {[%emt 0:00:00]} 41. Bd6 {[%emt 0:00:01]} Na8 {[%emt 0:00:01]} 42. Bxe5 {[%emt 0:00:01]} Kg6 {[%emt 0:00:14]} 43. Kg2 {[%emt 0:00:16]} f6 {[%emt 0:00:08]} 44. Bd6 {[%emt 0:00:01]} Kf7 {[%emt 0:00:11]} 45. Kf3 {[%emt 0:00:02]} g6 {[%emt 0:00:40]} 46. Ke4 {[%emt 0:00:13]} Ke6 {[%emt 0:00:02]} 47. Bb4 {[%emt 0:00:31]} Nc7 {[%emt 0:00:59]} 48. Ba5 {[%emt 0:00:38]} Na8 {[%emt 0:00:20]} 49. Bd2 {[%emt 0:00:16]} h5 {[%emt 0:00:11]} 50. Kd4 {[%emt 0:00:02]} Kd7 {[%emt 0:00:44]} 51. Kc5 {[%emt 0:02:47]} Kc7 {[%emt 0:01:13]} 52. f4 {[%emt 0:00:45]} f5 {[%emt 0:00:38]} 53. Bc3 {[%emt 0:00:54]} Kb7 {[%emt 0:00:02]} 54. Ba5 {[%emt 0:00:01]} Ka6 {[%emt 0:00:36]} 55. Bd8 {[%emt 0:00:09]} Kb7 {[%emt 0:00:06]} 56. Kd6 {[%emt 0:00:59]} Kc8 {[%emt 0:00:11]} 57. Ba5 {[%emt 0:01:54]} Kb7 {[%emt 0:00:01]} 58. h3 {[%emt 0:00:53]} Ka6 {[%emt 0:00:04]} 59. Be1 {[%emt 0:00:03]} Kb7 {[%emt 0:00:17]} 60. Bf2 {[%emt 0:00:02]} Nc7 {[%emt 0:00:12]} 61. Ke7 {[%emt 0:00:18]} h4 {[%emt 0:00:17]} 62. Kf6 {[%emt 0:00:52]} hxg3 {[%emt 0:00:19]} 63. Bxg3 {[%emt 0:00:01]} c5 {[%emt 0:00:17]} 64. Kxg6 {[%emt 0:00:18]} c4 {[%emt 0:00:35]} 65. Be1 {[%emt 0:00:02]} Nd5 {[%emt 0:00:10]} 66. Kxf5 {[%emt 0:00:06]} Ne3+ {[%emt 0:00:08]} 67. Ke4 {[%emt 0:00:10]} Ng2 {[%emt 0:00:04]} 68. Bc3 {[%emt 0:00:21]} Kxa7 {[%emt 0:00:03]} 69. Kf3 {[%emt 0:00:22]} Nh4+ {[%emt 0:00:03]} 70. Kg4 {[%emt 0:00:02]} Ng2 {[%emt 0:00:01]} 71. Kg3 {[%emt 0:00:17]} Nxf4 {[%emt 0:00:20]} 72. Kxf4 {[%emt 0:00:02]} Kb6 {[%emt 0:00:01]} 73. h4 {[%emt 0:00:09]} Kc6 {[%emt 0:00:00]} 74. h5 {[%emt 0:00:08]} Kd5 {[%emt 0:00:16]} 1-0

[Event "Shanghai COITCT 2019"]
[Site "Shanghai"]
[Date "2019.09.17"]
[Round "8.2"]
[White "Zairbek kyzy, Begimai"]
[Black "Kabilov, Amin"]
[Result "0-1"]
[WhiteElo "1989"]
[BlackElo "2199"]
[Annotator "NA"]
[PlyCount "86"]
[EventDate "2019.09.15"]
[EventType "team-tourn"]
[EventCountry "CHN"]
[SourceTitle "playchess.com"]
[Source "ChessBase"]
[SourceQuality "1"]
[TimeControl "1500+10"]

1. e4 {[%emt 0:00:00]} c5 {[%emt 0:00:00]} 2. d4 {[%emt 0:00:00]} cxd4 {[%emt 0:00:00]} 3. c3 {[%emt 0:00:00]} Nf6 {[%emt 0:00:01]} 4. e5 {[%emt 0:00:00]} Nd5 {[%emt 0:00:02]} 5. Nf3 {[%emt 0:00:00]} e6 {[%emt 0:00:04]} 6. Nxd4 {[%emt 0:00:47]} Qc7 {[%emt 0:01:39]} 7. f4 {[%emt 0:03:15]} a6 {[%emt 0:00:03]} 8. Be2 {[%emt 0:01:50]} d6 {[%emt 0:01:16]} 9. O-O {[%emt 0:02:56]} dxe5 {[%emt 0:03:31]} 10. fxe5 {[%emt 0:00:03]} Be7 {[%emt 0:00:02]} 11. Qe1 {[%emt 0:01:26]} Nd7 {[%emt 0:00:55]} 12. Bh5 {[%emt 0:04:54]} O-O {[%emt 0:01:02]} 13. Nf3 {[%emt 0:00:26]} Nc5 {[%emt 0:01:40]} 14. Qg3 {[%emt 0:00:57]} Ne4 {[%emt 0:00:15]} 15. Qe1 {[%emt 0:00:52]} Nc5 {[%emt 0:01:58]} 16. Qe2 {[%emt 0:00:41]} b5 {[%emt 0:02:48]} 17. Ng5 {[%emt 0:01:04]} g6 {[%emt 0:00:40]} 18. Bg4 {[%emt 0:00:05]} Bb7 {[%emt 0:00:47]} 19. Nf3 {[%emt 0:01:04]} Kg7 {[%emt 0:03:07]} 20. Na3 {[%emt 0:00:20]} Rad8 {[%emt 0:01:41]} 21. Nc2 {[%emt 0:00:19]} Qb6 {[%emt 0:01:20]} 22. Kh1 {[%emt 0:01:30]} a5 {[%emt 0:00:41]} 23. Ncd4 {[%emt 0:00:47]} Ba6 {[%emt 0:00:21]} 24. Qd2 {[%emt 0:00:11]} Ne4 {[%emt 0:00:15]} 25. Qh6+ {[%emt 0:00:05]} Kg8 {[%emt 0:00:01]} 26. Bg5 {[%emt 0:03:14]} Nxg5 {[%emt 0:01:35]} 27. Nxg5 {[%emt 0:00:03]} Bxg5 {[%emt 0:00:01]} 28. Qxg5 {[%emt 0:00:01]} b4 {[%emt 0:01:01]} 29. Rf3 {[%emt 0:00:02]} bxc3 {[%emt 0:00:17]} 30. bxc3 {[%emt 0:00:02]} Nxc3 {[%emt 0:00:54]} 31. Rh3 {[%emt 0:00:45]} Ne4 {[%emt 0:01:12]} 32. Qh4 {[%emt 0:00:19]} h5 {[%emt 0:00:36]} 33. Re1 {[%emt 0:02:05]} Qxd4 {[%emt 0:00:08]} 34. Rhe3 {[%emt 0:00:03]} Nc5 {[%emt 0:00:28]} 35. h3 {[%emt 0:00:27]} hxg4 {[%emt 0:00:05]} 36. hxg4 {[%emt 0:00:05]} Ne4 {[%emt 0:00:19]} 37. Rxe4 {[%emt 0:00:10]} Qd2 {[%emt 0:00:02]} 38. R4e3 {[%emt 0:00:20]} Rd3 {[%emt 0:00:02]} 39. Qg3 {[%emt 0:00:04]} Rxe3 {[%emt 0:00:01]} 40. Qxe3 {[%emt 0:00:01]} Qxe3 {[%emt 0:00:01]} 41. Rxe3 {[%emt 0:00:01]} Rb8 {[%emt 0:00:03]} 42. Ra3 {[%emt 0:00:01]} Rb5 {[%emt 0:00:02]} 43. Rc3 {[%emt 0:00:02]} Rxe5 {[%emt 0:00:02]} 0-1

[Event "Shanghai COITCT 2019"]
[Site "Shanghai"]
[Date "2019.09.17"]
[Round "8.4"]
[White "Kovalev, Vladislav"]
[Black "Xu, Zhihang"]
[Result "1-0"]
[WhiteElo "2661"]
[BlackElo "2506"]
[Annotator "TA"]
[PlyCount "142"]
[EventDate "2019.09.15"]
[EventType "team-tourn"]
[EventCountry "CHN"]
[SourceTitle "playchess.com"]
[Source "ChessBase"]
[SourceQuality "1"]

{[%evp 9,142,48,66,9,24,25,21,14,46,42,46,55,45,43,45,65,45,30,52,47,58,49,52,46,46,41,61,65,57,57,54,47,47,44,49,31,37,31,35,23,108,20,20,0,49,21,19,20,16,16,18,11,6,11,15,11,35,14,20,0,18,18,23,25,25,0,19,13,21,17,28,28,29,29,40,29,37,36,43,41,39,0,44,26,26,26,29,26,26,26,28,26,29,29,33,29,36,29,29,29,29,29,29,29,54,49,49,49,119,117,122,120,115,28,36,35,43,49,59,41,144,143,500,492,1766,1725,1868,1605,2085,2018,1900,1707,4775,4770,4726]} 1. e4 d5 2. exd5 Nf6 3. d4 Nxd5 4. Nf3 g6 5. Bc4 Bg7 6. h3 {B01: Scandinavian Defence} (6. O-O $14) 6... O-O 7. O-O Nb6 8. Bb3 {The position is equal.} Nc6 {[%cal Rc6d4]} (8... c5 $5 9. dxc5 N6d7 $14) (8... c5 9. dxc5 Qxd1 10. Rxd1 N6d7 11. Ng5 Nxc5 12. Bc4 Nc6 13. Nc3 {0-1 (52) Skripchenko,A (2414)-Topalov,V (2740) Salamanca 2018}) 9. c3 e5 10. dxe5 Nxe5 11. Nxe5 Qxd1 12. Rxd1 {aiming for Bf4.} Bxe5 13. Re1 $146 ({Predecessor:} 13. Bh6 Re8 {½-½ (42) Mueller,R (2279)-Vujic,B (2256) Wuerttemberg 2003}) 13... Bf6 14. Bf4 c6 15. Nd2 Bf5 16. Ne4 Bxe4 $1 17. Rxe4 Rfe8 18. Rxe8+ Rxe8 19. Be3 Rd8 20. Kf1 Nc8 21. a4 {[%cal Ba2a4,Ba4a5][%mdl 32]} a6 22. a5 Ne7 23. Ra4 Nd5 24. Bh6 Bg7 {[#]} (24... Rd7 $11) 25. Bg5 (25. Bxg7 $1 $16 Kxg7 26. Rd4) 25... Bf6 $11 26. Bh6 Bg7 27. Bc1 Bf6 28. Re4 Kg7 29. g3 Rd7 30. h4 h6 31. Ra4 Bd8 32. Ra1 Bf6 33. Bc4 Bd8 34. Be2 h5 35. Bf3 Nc7 36. Be3 Nd5 37. Bc1 Nc7 38. Ke2 Nd5 39. Bd2 Re7+ 40. Kd3 Rd7 41. Kc2 Be7 42. b4 Bf6 {White must now prevent ...Nxb4+!} 43. Rd1 {And now c4 would win.} Kf8 44. Re1 Re7 45. Rd1 Rd7 46. Be1 {Strongly threatening c4.} Ke8 47. Rd3 (47. Rb1 {keeps more tension.} Nc7 48. Bd2 Nb5 49. Re1+ Re7 50. Kd3) 47... Nc7 48. Bd2 (48. Bd1 {is interesting.} Be7 49. Re3 Nd5 50. Re5 f6 51. Re2) 48... Rxd3 49. Kxd3 {[%mdl 4096] Endgame KBB-KBN} Kd7 50. Bg2 Ne6 51. Bh3 Kd6 52. Be3 Bd8 53. Ke4 f5+ 54. Kd3 Bf6 55. Bd2 Be5 56. Be1 f4 57. Ke4 fxg3 58. fxg3 c5 ({Better is} 58... Bg7 $14) 59. Bf1 $16 cxb4 60. cxb4 Ng7 61. Bf2 ({White should try} 61. b5 $16 axb5 62. Bxb5) 61... Nf5 62. Bc5+ Ke6 63. Bc4+ Kf6 64. Bd5 Bxg3 {[#]} (64... Nd6+ $1 $14 65. Kf3 g5) 65. Kf3 $1 ({Don't play} 65. Bxb7 $6 Nd6+ 66. Kf3 Nxb7 $11) 65... Bxh4 $2 {[%mdl 8192]} (65... Bd6 $16) 66. Bxb7 $18 {Hoping for b5.White is clearly winning.} Be1 (66... Bg3 $142 67. Bxa6 Bd6) 67. b5 Bc3 68. bxa6 Nd4+ 69. Ke4 Nb5 70. Bb6 h4 71. Bc6 h3 {Accuracy: White = 50%, Black = 53%.} 1-0